00485nam a2200193Ia 450000500170000000800410001702000100005804000190006804100120008708200130009910000220011224500570013425000120019126000260020330000190022950400190024865000140026785000100028120240531102439.0131103s9999 xx 000 0 und d cRs.12 aLoreto College aEnglish a540bMIT aMitra, Ladlimohon 2aA text-book of inorganic chemistrycLadlimohon Mitra a51st ed aCalcuttabGhoshc1972 av,676p.b pic. aIncludes index aChemistry aLCBED